000 01002cab a2200385 4500
001 ABS57333
008 090401t1997 xxu||||| |||| 00| 0 eng d
035 _a(Sirsi) u79618
041 _aeng
245 _aOffice performance
260 _c1997
350 _a0
490 _aEuroProperty
_v6(3) July 1997, 19-27(9)
520 _aTracks the ups and downs of ten of Europe`s leading office markets between 1992 and 1996. Statistics.
650 _aAMSTERDAM
650 _aBERLIN
650 _aBRUSSELS
650 _aCOMPARISON
650 _aEUROPE
650 _aFRANKFURT
650 _aLISBON
650 _aLONDON
650 _aMADRID
650 _aMILAN
650 _aPROPERTY-COMMERCIAL PROPERTY-OFFICE PROPERTY-OFFICE PROPERTY MARKET
650 _aPARIS
650 _aRENTAL GROWTH
650 _aRENTAL LEVELS
650 _aRENTAL YIELDS
650 _aSTOCKHOLM
650 _aWEST END OF LONDON
690 _aOVERSEAS-EUROPE
942 _n0
948 _c15/07/1997
999 _c50067
_d50067